| 000 | 00601nam a2200193Ia 4500 | ||
|---|---|---|---|
| 008 | 151121s9999||||xx |||||||||||||| ||und|| | ||
| 082 | _a801।952/घारे | ||
| 082 | _bHNW-69079 | ||
| 100 | _aघारे दीपक | ||
| 245 | _aघाशीराम एक वादळ | ||
| 260 | _b"ग्रंथाली, मुंबई।" | ||
| 260 | _c-- | ||
| 300 | _a151 | ||
| 600 | _aघारे दीपक | ||
| 630 | _aघाशीराम एक वादळ | ||
| 700 | _aघारे दीपक | ||
| 730 | _aघाशीराम एक वादळ | ||
| 942 | _cBOOK | ||
| 999 |
_c1250567 _d1250564 |
||